000 01632nam a22002657a 4500
003 DO-SdBJH
005 20250530154752.0
008 250530b |||||||| |||| 00| 0 spa d
020 _a9786070508493
040 _aDO-SdBJH
_bspa
_cDO-SdBJH
082 _a720.47 B362c 2023
100 _aBazant S, Jan
245 _aCambio climático y desastres urbanos /
_bJan Bazant S.
260 _aMéxico :
_bLimusa,
_c2023
300 _a173 páginas.
_bilustraciones, fotos blanco y negro
504 _aIncluye referencia bibliográfica
505 _aLas regiones costeras están expuestas a los cada vez más frecuentes e intensos huracanes, que al penetrar a las ciudades ocasionan cuantiosos destrozos materiales y daños a su infraestructura. Pero las planicies costeras y sus poblados sufren las peores consecuencias, por las extensas inundaciones sobre los fértiles campos de cultivo, sus zonas urbanas y los daños a las carreteras. Si bien la región templada tiene menor frecuencia de incidencias de temporales, cuando ocurren ocasionan desastres en las ciudades, pues los cauces de ríos (normalmente secos) empiezan a concentrar enormes volúmenes de agua que destroza todo a su paso. Hay derrumbes y puentes arrasados, así como todas las edificaciones que se encuentran en su perímetro, con grandes pérdidas materiales y afectaciones a la vida de los habitantes
650 7 _2Dewey
_aArquitectura
650 7 _aCambio climático
650 7 _aAspectos ambientales
650 7 _aAspectos ambientales
_zMéxico
650 7 _aDesastre naturales
650 7 _aPolíticas gubernamentales
_zMéxico
942 _2ddc
_cBK
_z3
999 _c8221
_d8221